South Pacific property law (Record no. 102612)

MARC details
000 -LEADER
fixed length control field 01097cam a2200241 4500
008 - FIXED-LENGTH DATA ELEMENTS--GENERAL INFORMATION
fixed length control field 030120n2004 000 0 eng u
020 ## - INTERNATIONAL STANDARD BOOK NUMBER
International Standard Book Number 1859416608
035 ## - SYSTEM CONTROL NUMBER
System control number (Sirsi) u121055
041 ## - LANGUAGE CODE
Language code of text/sound track or separate title eng
050 ## - LIBRARY OF CONGRESS CALL NUMBER
Classification number 346.9504
-- 21
100 ## - MAIN ENTRY--PERSONAL NAME
Personal name Farran, Susan
245 ## - TITLE STATEMENT
Title South Pacific property law
260 ## - PUBLICATION, DISTRIBUTION, ETC.
Place of publication, distribution, etc. London
Name of publisher, distributor, etc. Cavendish
Date of publication, distribution, etc. 2004
300 ## - PHYSICAL DESCRIPTION
Extent xli, 300p.
Dimensions 24cm
350 ## - PRICE (NR) (BK AM CF MU VM SE) [OBSOLETE]
Price 35
520 ## - SUMMARY, ETC.
Summary, etc. Introduction to the law relating to the different types of property in the South Pacific region. It covers the countries that have historically been under the control of Britain or the British colonies of Australia and New Zealand. These have similar legal systems, derived from the common law and customary law of Australia, New Zealand and North America as well as English common law. Although mostly concentrated on land as property, it also takes into account local and traditional views of property. Tables of cases and legislation.
650 ## - SUBJECT ADDED ENTRY--TOPICAL TERM
Topical term or geographic name entry element SOUTH PACIFIC
650 ## - SUBJECT ADDED ENTRY--TOPICAL TERM
Topical term or geographic name entry element PROPERTY LAW
650 ## - SUBJECT ADDED ENTRY--TOPICAL TERM
Topical term or geographic name entry element COMMON LAW
690 ## - LOCAL SUBJECT ADDED ENTRY--TOPICAL TERM (OCLC, RLIN)
Topical term or geographic name as entry element PROPERTY
700 ## - ADDED ENTRY--PERSONAL NAME
Personal name Paterson, Don
942 ## - ADDED ENTRY ELEMENTS (KOHA)
Suppress in OPAC 0
Holdings
Withdrawn status Lost status Source of classification or shelving scheme Damaged status Not for loan Home library Current library Shelving location Date acquired Total Checkouts Full call number Barcode Date last seen Date last checked out Copy number Price effective from Koha item type
    Dewey Decimal Classification     London London Books 06/02/2004 2 346.9504 FAR 30069013 06/08/2019 03/11/2006 1 06/08/2019 Book